000 00809nam a22001457a 4500
003 OSt
005 20160225102906.0
008 160225b xxu||||| |||| 00| 0 eng d
040 _cRUA
082 _aVEM POK 2014 B436 O.1
100 _97463
_aPOK SOVANNREASEY; ប៉ុក សុវណ្ណរាសី
245 _aStudy on gumboro dissease of local chicken and their antibodies through ha and hi-test at samrong district, takeo procince, ការសិក្សាអំពីជំងឺហ្គុំបូរ៉ូរបស់មាន់ក្នុងស្រុក និង​អង់ទីគ័រ របស់វាតាមរយៈ ha និង hi-test នៅក្នុងស្រុកសំរោង ខេត្តតាកែវ
300 _axi,43p.
_bill.
_c29cm.
942 _2ddc
_cVEM
999 _c7051
_d7051